Deathtrap /

After seeing his latest play fail on opening night, Sidney Bruhl receives a promising manuscript from one of his students, Clifford Anderson. Sidney and his wife Myra lure Clifford to their East Hampton home for the weekend where they plan to murder him and steal his manuscript.

Bibliographic Details
Other Authors: Allen, Jay Presson, 1922-2006 (Screenwriter), Caine, Michael (Actor), Reeve, Christopher, 1952-2004 (Actor), Cannon, Dyan (Actor), Worth, Irene (Actor), Jones, Henry, 1912-1999 (Actor), Mandel, Johnny (composer (expression)), Walton, Tony, 1934- (Costume designer), Bartkowiak, Andrzej, 1950- (director of photography.), Levin, Ira, 1929-2007
Format: Video Blu-ray Disc
Language:English
Language Notes:English soundtrack with optional English subtitles for the deaf and hard of hearing.
Published: Burbank, CA : Warner Home Video, [2012]
Series:Archive collection.
Subjects:

MARC

Tag First Indicator Second Indicator Subfields
LEADER 00000cgm a2200000Ii 4500
001 in00004548784
008 130314t20122012cau116 vleng d
007 vd csaizm
005 20220119151549.3
035 |a (OCoLC)ocn830006171 
040 |a TEFMT  |b eng  |e rda  |c TEFMT  |d TEF  |d OCLCF  |d OCLCO  |d OCLCA  |d OCL  |d OCLCO  |d RB0  |d OCLCO  |d OCLCQ  |d OCLCO  |d OCLCA  |d IUL  |d OCL  |d OCLCA  |d OBE 
024 1 |a 883316610022 
028 4 2 |a 1000333841  |b Warner Home Video 
028 4 2 |a 2000081125  |b Warner Home Video 
035 |a (OCoLC)830006171 
037 |b Midwest Tape  |n http://www.midwesttapes.com 
041 0 |a eng  |j eng  |h eng 
043 |a n-us-ny 
046 |k 2012 
050 4 |a PN1997  |b .D43 2012 
082 0 4 |a 791.43/72  |2 23 
090 |a PN1995.9.D4  |b D43 2012 
245 0 0 |a Deathtrap /  |c Warner Bros. Pictures ; screenplay by Jay Presson Allen ; producer, Burtt Harris ; directed by Sidney Lumet. 
246 3 |a Death trap 
246 3 |a Ira Levin's Deathtrap 
264 1 |a Burbank, CA :  |b Warner Home Video,  |c [2012] 
264 4 |c ©2012 
300 |a 1 videodisc (116 min.) :  |b sound, color ;  |c 4 3/4 in. 
336 |a two-dimensional moving image  |b tdi  |2 rdacontent 
337 |a video  |b v  |2 rdamedia 
338 |a videodisc  |b vd  |2 rdacarrier 
344 |a digital  |b optical  |g mono  |2 rda 
347 |a video file  |b Blu-ray 
490 1 |a WB Home Entertainment Group archive collection 
538 |a Blu-ray; 1080p high definition 16x9 (1.85:1) widescreen; DTS-HD Master Audio 2.0 mono; requires Blu-ray player. 
546 |a English soundtrack with optional English subtitles for the deaf and hard of hearing. 
511 1 |a Michael Caine, Christopher Reeve, Dyan Cannon, Irene Worth, Henry Jones. 
508 |a Music, Johnny Mandel ; editor, John J. Fitzstephens ; production and costume designer, Tony Walton ; director of photography, Andrzej Bartkowiak. 
500 |a Based on the stage play by Ira Levin. 
500 |a Originally released as a motion picture in 1982. 
521 8 |a MPAA rating: PG. 
520 |a After seeing his latest play fail on opening night, Sidney Bruhl receives a promising manuscript from one of his students, Clifford Anderson. Sidney and his wife Myra lure Clifford to their East Hampton home for the weekend where they plan to murder him and steal his manuscript. 
650 0 |a Attempted murder  |z New York (State)  |z New York  |v Drama. 
650 0 |a Theater  |z New York (State)  |z New York  |v Drama. 
650 0 |a Playwriting  |v Drama. 
650 0 |a Gay authors  |z New York (State)  |z New York  |v Drama. 
600 1 0 |a Levin, Ira,  |d 1929-2007  |v Film adaptations. 
600 1 7 |a Levin, Ira,  |d 1929-2007.  |2 fast  |0 (OCoLC)fst00034411 
650 7 |a Attempted murder.  |2 fast  |0 (OCoLC)fst00820786 
650 7 |a Gay authors.  |2 fast  |0 (OCoLC)fst00939062 
650 7 |a Playwriting.  |2 fast  |0 (OCoLC)fst01432078 
650 7 |a Theater.  |2 fast  |0 (OCoLC)fst01149217 
651 7 |a New York (State)  |z New York.  |2 fast  |0 (OCoLC)fst01204333 
655 7 |a Video recordings for the hearing impaired.  |2 fast  |0 (OCoLC)fst01710450 
655 7 |a Detective and mystery films.  |2 fast  |0 (OCoLC)fst01710476 
655 7 |a Drama.  |2 fast  |0 (OCoLC)fst01423879 
655 7 |a Feature films.  |2 fast  |0 (OCoLC)fst01710384 
655 7 |a Fiction films.  |2 fast  |0 (OCoLC)fst01710264 
655 7 |a Film adaptations.  |2 fast  |0 (OCoLC)fst01710491 
655 7 |a Thrillers (Motion pictures)  |2 fast  |0 (OCoLC)fst01726193 
655 7 |a Detective and mystery films.  |2 lcgft 
655 7 |a Thrillers (Motion pictures)  |2 lcgft 
655 7 |a Film adaptations.  |2 lcgft 
655 7 |a Feature films.  |2 lcgft 
655 7 |a Fiction films.  |2 lcgft 
655 7 |a Video recordings for the hearing impaired.  |2 lcgft 
700 1 |a Allen, Jay Presson,  |d 1922-2006,  |e screenwriter. 
700 1 |a Harris, Burtt,  |e film producer. 
700 1 |a Lumet, Sidney,  |d 1924-2011,  |e film director. 
700 1 |a Caine, Michael,  |e actor. 
700 1 |a Reeve, Christopher,  |d 1952-2004,  |e actor. 
700 1 |a Cannon, Dyan,  |e actor. 
700 1 |a Worth, Irene,  |e actor. 
700 1 |a Jones, Henry,  |d 1912-1999,  |e actor. 
700 1 |a Mandel, Johnny,  |e composer (expression) 
700 1 |a Fitzstephens, Jack,  |d 1919-1998,  |e editor of moving image work. 
700 1 |a Walton, Tony,  |d 1934-  |e production designer,  |e costume designer. 
700 1 |a Bartkowiak, Andrzej,  |d 1950-  |e director of photography. 
700 1 |i Motion picture adaptation of (work):  |a Levin, Ira,  |d 1929-2007.  |t Deathtrap. 
710 2 |a Warner Bros. Pictures (1969- ),  |e production company. 
710 2 |a Warner Home Video (Firm),  |e publisher. 
830 0 |a Archive collection. 
994 |a Z0  |b TXA 
948 |h NO HOLDINGS IN TXA - 26 OTHER HOLDINGS 
999 f f |s 04963310-e3df-47d7-aa93-aefe3cf58676  |i 04963310-e3df-47d7-aa93-aefe3cf58676  |t 0 
952 f f |p dvd  |a Texas A&M University  |b College Station  |c Sterling C. Evans Library  |d Evans: Media and Reserves (Annex 1st floor)  |t 0  |e PN1995.9.D4 D43 2012  |h Library of Congress classification  |i video -- videodisc  |m A14851282021 
998 f f |a PN1995.9.D4 D43 2012  |t 0  |l Evans: Media and Reserves (Annex 1st floor)